Zahranično-obchodná politika Veľkej Británie a jej politicko-ekonomické súvislosti diplomová práca
Enregistré dans:
| Auteur principal: | |
|---|---|
| Collectivité auteur: | |
| Autres auteurs: | |
| Format: | Livre |
| Langue: | slovaque |
| Publié: |
Bratislava
2011
|
| Tags: |
Pas de tags, Soyez le premier à ajouter un tag!
|
MARC
| LEADER | 00000nam a2200000 4500 | ||
|---|---|---|---|
| 001 | 0147533 | ||
| 005 | 20240318124857.3 | ||
| 041 | 0 | |a slo | |
| 044 | |a SK | ||
| 245 | 1 | 0 | |a Zahranično-obchodná politika Veľkej Británie a jej politicko-ekonomické súvislosti |b diplomová práca |c Monika Dzuriková ; školiteľ: Andrea Vargová |
| 264 | 1 | |a Bratislava |c 2011 | |
| 300 | |a 96 s. | ||
| 100 | 1 | |a Dzuriková, Monika | |
| 700 | 1 | |a Vargová, Andrea | |
| 710 | 2 | |a Obchodná fakulta EU. Katedra medzinárodného obchodu | |